TV Series Surnames II Quiz Stats

 Plays Quiz Updated May 21, 2016

Also try: TV Series Surnames
Challenge
Share
Tweet
Embed
Score 0/30 Timer 06:00
2 Plays Today
First Name Surname % Correct
CosmoKramer
74.5%
AlBundy
71.6%
TimTaylor
65.7%
EricCartman
64.8%
ArchieBunker
64.4%
RachelGreen
60.6%
MichaelScott
56.7%
ArthurFonzarelli
56.3%
HankHill
56%
TommyPickles
50.9%
DonDraper
41.3%
KevinArnold
35.4%
ScreechPowers
34.2%
DaphneMoon
33.7%
SheldonCooper
33.4%
First Name Surname % Correct
TedMosby
32.5%
SookieStackhouse
32.1%
SamanthaJones
29.7%
JackShephard
25.3%
JamesWilson
24%
DianeChambers
22.6%
DexterMorgan
22.5%
JedBartlet
21.3%
BettySuarez
17.6%
KarenWalker
13.5%
TimRiggins
11.3%
ChloeO'Brian
9.6%
OliviaDunham
7.4%
JanetWood
7.2%
ClaireFisher
6.9%

You're not logged in!

Compare scores with friends on all Sporcle quizzes.
Join for Free
OR
Log In

You Might Also Like...

Show Comments

Extras

Top Quizzes Today


Score Distribution

Your Account Isn't Verified!

In order to create a playlist on Sporcle, you need to verify the email address you used during registration. Go to your Sporcle Settings to finish the process.

Report this User

Report this user for behavior that violates our Community Guidelines.

Details: